| 000 | 00647nam a2200241 a 4500 | ||
|---|---|---|---|
| 001 | 0001-1079 | ||
| 003 | ELIB.Books | ||
| 008 | 150114 2010 eng | ||
| 020 | _a9780830825684 | ||
| 035 | _a(ELIB.Books)0001-1234 | ||
| 092 |
_a232.9 _bBai |
||
| 100 | _aBailey, Kenneth E. | ||
| 245 |
_aJesus Through Middle Eastern Eyes: _bCulture Studies in the Gospels |
||
| 260 |
_aDowners Grove _bIVP Academic _c2008 |
||
| 300 |
_a443 _c23 Cm |
||
| 500 | _aC/o Moe Lwai | ||
| 650 | _aJesus Christ | ||
| 856 |
_nKBTS; Library _uKBTS; Elib. |
||
| 942 |
_2ddc _cBK |
||
| 990 | _a1 | ||
| 998 |
_cbat _e2015-01-14 |
||
| 999 |
_c11079 _d11079 |
||